000 00846cam a2200253 i 4500
001 17453970
005 20180306032729.0
008 120906t20132013nju b 001 0 eng
010 _a 2012033790
020 _a9781601632319
020 _a9781601635839
040 _aDLC
_beng
_cDLC
_erda
_dDLC
041 _aeng
042 _apcc
080 _a158.1 FAR
082 0 0 _a158.1 FAR
_223
100 1 _a28
101 _aSHK
245 1 0 _aYour ultimate life plan :
_cDr. Jennifer Howard ; [foreword by Surya Das].
504 _aIncludes bibliographical references (pages 269-282) and index.
906 _a7
_bcbc
_corignew
_d1
_eecip
_f20
_gy-gencatlg
942 _2ddc
_cBK
999 _c44120
_d44120